000 02324nam0a2200373 4500
001 RU\NLR\BIBL_A\011943057
005 20251110111335.0
010 _a978-5-9973-4996-7
_9300
021 _aRU
_bКН-П-19-002830
_9КН-П-19-0200
035 _a(NLR Aleph) 011943057
035 _a(RuMoRGB)009871954
090 _a11102804
_c11102804
100 _a20190221d2018 k y0rusy50 ca
101 0 _arus
102 _aRU
105 _aa|||z|||000zy
200 1 _aЭкологически ориентированная переработка горнопромышленных отходов
_e[монография
_fакадемик РАН В. А. Чантурия, доктора наук И. В. Шадрунова, Е.В. Зелинская и др.]
_gпод общей редакцией академика РАН В. А. Чантурия и доктора технических наук И. В. Шадруновой
_gФедеральное государственное бюджетное учреждение науки Институт проблем комплексного освоения недр имени академика Н. В. Мельникова Российской академии наук
210 _aМосква
_cСпутник+
_d2018
215 _a199 с.
_cил., табл., цв. ил.
_d21
300 _aАвт. указаны на обороте тит. л.
320 _aБиблиогр. в конце гл.
606 1 _aГорная промышленность
_xОтходы
_xИспользование
_2nlr_sh1
_2nlr_sh2
_3RU\NLR\AUTH\6666727
606 1 _aГорная экология
_2nlr_sh1
_2nlr_sh2
_3RU\NLR\AUTH\66318139
686 1 _aИ-642
701 1 _aЧантурия
_bВ. А.
_f1938-
_gВалентин Алексеевич
_3RU\NLR\AUTH\7744490
701 1 _aШадрунова
_bИ. В.
_gИрина Владимировна
701 1 _aЗелинская
_bЕ. В.
_gЕлена Валентиновна
712 0 2 _aИнститут проблем комплексного освоения недр им. Н. В. Мельникова
_cМосква
_3RU\NLR\AUTH\880573103
_4570
942 _cBOOK
980 _aNBR
980 _aNB